Biggest Cities in the Colorado River Basin - Statistics

General Stats
  • This quiz has been taken 22 times
  • The average score is 17 of 25
Answer Stats
State Population Answer % Correct
AZ 1,680,992 Phoenix
100%
NV 651,319 Las Vegas
95%
AZ 518,012 Mesa
95%
AZ 548,073 Tucson
95%
NV 320,189 Henderson
90%
NV 251,974 North Las Vegas
90%
AZ 75,038 Flagstaff
86%
AZ 252,381 Glendale
81%
UT 89,587 St. George
81%
AZ 195,805 Tempe
81%
AZ 261,165 Chandler
76%
AZ 258,069 Scottsdale
76%
AZ 98,285 Yuma
76%
CO 63,597 Grand Junction
71%
AZ 55,865 Lake Havasu City
71%
AZ 175,961 Peoria
67%
AZ 141,664 Surprise
67%
AZ 254,114 Gilbert
62%
AZ 86,840 Goodyear
48%
AZ 79,620 Buckeye
33%
AZ 58,632 Casa Grande
33%
AZ 52,127 Maricopa
29%
AZ 87,931 Avondale
24%
SO 176,685 San Luis Río Colorado
24%
AZ 50,890 Queen Creek
19%
No matching quizzes found
Score Distribution
Percent of People with Each Score
Percentile by Number Answered
Your Score History
You have not taken this quiz